000 00618nam a2200217 a 4500
005 20210219152938.0
008 991125n 000 0 u
035 _aUPN01000068143
100 _aCarr, Alison A.
222 _aEDUCATIONAL TECHNOLOGY
245 _aCommunity participation in systemic restructuring : member-selection procedures
300 _a36-46
362 _a33, No. 7, 1993
505 _aNoviembre 1993
653 0 _aCOMPROMISOS COMUNITARIOS
653 0 _aREESTRUCTURACION ESCOLAR
653 0 _aSELECCION
700 _aReigeluth, Charles M.
904 _aAC
_b005954
905 _aArticulo
999 _c64371
_d64371